[Event "Chess24 Banter Blitz Cup"]
[Site "chess24.com INT"]
[Date "2019.09.27"]
[Round "1.1"]
[White "Sethuraman, S.P."]
[Black "Quesada Perez, Yasser"]
[Result "1-0"]
[WhiteTitle "GM"]
[BlackTitle "GM"]
[WhiteElo "2624"]
[BlackElo "2582"]
[WhiteFideId "5021596"]
[BlackFideId "3509362"]
[EventDate "2019.09.25"]
[EventType "blitz"]

1. d4 d5 2. c4 dxc4 3. e4 e5 4. Nf3 exd4 5. Bxc4 Bb4+ 6. Bd2 Bxd2+ 7. Nbxd2 Nc6
8. O-O Qf6 9. b4 Nge7 10. b5 Na5 11. Qa4 Nxc4 12. Qxc4 c6 13. Nxd4 Bd7 14. e5
Qg6 15. Rfe1 cxb5 16. Nxb5 O-O 17. Nd6 Bc6 18. f3 Nf5 19. N2e4 Rad8 20. Rad1 Nh4
21. Qe2 h6 22. g3 Nf5 23. Rd2 Nxd6 24. Nxd6 Qe6 25. Red1 f6 26. f4 fxe5 27. Qxe5
Rf6 28. Ne4 Rdf8 29. Nxf6+ Qxf6 30. Qxf6 Rxf6 31. Re1 Kh7 32. Re7 Rf5 33. Kf2
Ra5 34. g4 Ra4 35. Ke3 Ra3+ 36. Kd4 Ra4+ 37. Ke3 Ra3+ 38. Rd3 Rxa2 39. f5 Kg8
40. Rd8+ Kh7 41. f6 Ra3+ 42. Kd2 Kg6 43. fxg7 Ra2+ 44. Kd3 1-0

[Event "Chess24 Banter Blitz Cup"]
[Site "chess24.com INT"]
[Date "2019.09.27"]
[Round "1.2"]
[White "Quesada Perez, Yasser"]
[Black "Sethuraman, S.P."]
[Result "1-0"]
[WhiteTitle "GM"]
[BlackTitle "GM"]
[WhiteElo "2582"]
[BlackElo "2624"]
[WhiteFideId "3509362"]
[BlackFideId "5021596"]
[EventDate "2019.09.25"]
[EventType "blitz"]

1. e4 e5 2. Nf3 Nc6 3. Nc3 Nf6 4. Bb5 Bd6 5. d3 a6 6. Bc4 h6 7. a3 b5 8. Ba2 Bb7
9. O-O O-O 10. h3 Bc5 11. Nd5 d6 12. c3 Nxd5 13. Bxd5 Rb8 14. Be3 Bxe3 15. fxe3
Ne7 16. Ba2 Ng6 17. Qe1 d5 18. exd5 Bxd5 19. Bxd5 Qxd5 20. d4 exd4 21. exd4 Rbe8
22. Qg3 Qd7 23. Rae1 c6 24. h4 Qd5 25. Ne5 Re6 26. Nd3 Rfe8 27. Qf2 Rxe1 28.
Rxe1 Rxe1+ 29. Qxe1 a5 30. g3 Kh7 31. Qe3 Qf5 32. Kg2 Qd5+ 33. Qf3 Qc4 34. h5
Ne7 35. Ne5 Qa2 36. Qe2 Qd5+ 37. Qf3 Qa2 38. Qe4+ f5 39. Qc2 Qd5+ 40. Kh2 Kg8
41. Qf2 c5 42. Nf3 cxd4 43. Nxd4 Kf7 44. Qe2 Kf6 45. Qxb5 Qxb5 46. Nxb5 Ke5 47.
b4 a4 48. Nd4 Nd5 49. b5 Nxc3 50. b6 Kd6 51. Nxf5+ Kc6 52. Nxg7 Nb5 53. Nf5 Nxa3
54. Nxh6 Nc4 55. Nf5 a3 56. Nd4+ 1-0

[Event "Chess24 Banter Blitz Cup"]
[Site "chess24.com INT"]
[Date "2019.09.27"]
[Round "1.3"]
[White "Sethuraman, S.P."]
[Black "Quesada Perez, Yasser"]
[Result "0-1"]
[WhiteTitle "GM"]
[BlackTitle "GM"]
[WhiteElo "2624"]
[BlackElo "2582"]
[WhiteFideId "5021596"]
[BlackFideId "3509362"]
[EventDate "2019.09.25"]
[EventType "blitz"]

1. d4 d5 2. c4 dxc4 3. e4 Nf6 4. e5 Nd5 5. Bxc4 Bf5 6. Qb3 c6 7. Qxb7 Nb6 8. e6
Nxc4 9. Qxa8 Qc7 10. Ne2 Nb6 11. Bf4 Nxa8 12. Bxc7 Nxc7 13. exf7+ Kxf7 14. Nbc3
e6 15. Rc1 Bd6 16. O-O Nd5 17. Na4 Bd3 18. Rfe1 Bb5 19. Nac3 Nd7 20. Ne4 Be7 21.
N2c3 h6 22. h3 N7f6 23. Nxd5 cxd5 24. Nc5 Rc8 25. a4 Be8 26. b3 Bxc5 27. Rxc5
Rxc5 28. dxc5 a5 29. f3 Bc6 30. Kf2 Nd7 31. Rc1 e5 32. Ke3 Ke6 33. Kd3 g5 34. h4
d4 35. hxg5 hxg5 36. Kc4 Nf6 37. Rh1 g4 38. fxg4 Nxg4 39. Rh4 Ne3+ 40. Kd3 Kd5
41. g4 e4+ 42. Ke2 Kxc5 43. g5 Bd5 44. g6 Nf5 45. Rh5 d3+ 46. Kd2 Ne7 47. g7 Kd4
48. Rh4 Bxb3 49. Rg4 Ng8 50. Rf4 Bxa4 51. Rf8 e3+ 52. Ke1 d2+ 53. Kf1 d1=Q+ 54.
Kg2 Qg4+ 0-1

[Event "Chess24 Banter Blitz Cup"]
[Site "chess24.com INT"]
[Date "2019.09.27"]
[Round "1.4"]
[White "Quesada Perez, Yasser"]
[Black "Sethuraman, S.P."]
[Result "1-0"]
[WhiteTitle "GM"]
[BlackTitle "GM"]
[WhiteElo "2582"]
[BlackElo "2624"]
[WhiteFideId "3509362"]
[BlackFideId "5021596"]
[EventDate "2019.09.25"]
[EventType "blitz"]

1. e4 g6 2. Nc3 Bg7 3. g3 d6 4. Bg2 Nf6 5. d3 O-O 6. f4 c5 7. Nf3 Nc6 8. O-O Rb8
9. a4 a6 10. h3 b5 11. axb5 axb5 12. g4 b4 13. Ne2 Nd7 14. Ng3 Nb6 15. f5 d5 16.
Qe2 dxe4 17. dxe4 Nd4 18. Nxd4 Qxd4+ 19. Kh1 Qc4 20. Qf2 Bb7 21. Bg5 Bxb2 22.
Bxe7 Bxa1 23. Rxa1 Rfe8 24. Bxc5 Nd7 25. Bd4 Rbc8 26. f6 Nf8 27. Be3 Qxc2 28.
Qf4 Qc3 29. Rf1 Ba6 30. Rf2 Ne6 31. Qh6 Rcd8 32. Nf5 Rd1+ 33. Kh2 1-0

[Event "Chess24 Banter Blitz Cup"]
[Site "chess24.com INT"]
[Date "2019.09.27"]
[Round "1.5"]
[White "Quesada Perez, Yasser"]
[Black "Sethuraman, S.P."]
[Result "0-1"]
[WhiteTitle "GM"]
[BlackTitle "GM"]
[WhiteElo "2582"]
[BlackElo "2624"]
[WhiteFideId "3509362"]
[BlackFideId "5021596"]
[EventDate "2019.09.25"]
[EventType "blitz"]

1. e4 d6 2. Nc3 g6 3. f4 Bg7 4. Nf3 c5 5. h3 Nc6 6. d3 Rb8 7. a4 a6 8. g4 b5 9.
axb5 axb5 10. Bg2 b4 11. Ne2 Nf6 12. O-O Nd7 13. f5 O-O 14. Ng3 Nb6 15. Qe2 Bb7
16. Rb1 Ra8 17. Bg5 Ra2 18. b3 Nd7 19. h4 Nde5 20. Nxe5 Bxe5 21. Qe1 Rxc2 22.
Rc1 Rxc1 23. Bxc1 Nd4 24. Bh6 Bxg3 25. Qe3 Bxh4 26. Bxf8 Qxf8 27. fxg6 hxg6 28.
e5 Bxg2 29. Kxg2 dxe5 30. Qxe5 Bf6 31. Qxc5 Qa8+ 32. Kg3 Qb8+ 33. Kg2 Nxb3 34.
Qd5 Nd2 35. Rf2 e6 36. Qd7 Qe5 37. Rxd2 b3 38. Qb7 Qf4 39. Qf3 Qxd2+ 0-1

[Event "Chess24 Banter Blitz Cup"]
[Site "chess24.com INT"]
[Date "2019.09.27"]
[Round "1.6"]
[White "Sethuraman, S.P."]
[Black "Quesada Perez, Yasser"]
[Result "0-1"]
[WhiteTitle "GM"]
[BlackTitle "GM"]
[WhiteElo "2624"]
[BlackElo "2582"]
[WhiteFideId "5021596"]
[BlackFideId "3509362"]
[EventDate "2019.09.25"]
[EventType "blitz"]

1. d4 d5 2. c4 dxc4 3. e4 Nf6 4. e5 Nd5 5. Bxc4 Bf5 6. Qb3 c6 7. Bxd5 cxd5 8.
Qxb7 Qc8 9. Qxc8+ Bxc8 10. Nc3 e6 11. f4 Nc6 12. Nf3 Ba6 13. Kf2 Be7 14. Rd1 Kd7
15. Be3 Rab8 16. Na4 Rhc8 17. Ne1 Nb4 18. Nc5+ Bxc5 19. dxc5 Nc6 20. b3 Bb5 21.
Rac1 a5 22. Rb1 a4 23. Nc2 axb3 24. axb3 Ba6 25. Ra1 Bb5 26. Rd2 Rb7 27. g4 g6
28. Nd4 Rcb8 29. Nf3 h6 30. f5 g5 31. h4 gxh4 32. Bxh6 Rg8 33. g5 Nb4 34. Ke3
Bc6 35. Nd4 h3 36. g6 fxg6 37. fxe6+ Kc7 38. Rf1 Be8 39. Rh2 Nc6 40. Rxh3 Nxd4
41. Kxd4 Rb4+ 42. Kc3 Re4 43. Rf7+ Kc6 44. Bg7 g5 45. Rh8 Rxh8 46. Bxh8 g4 47.
Rf8 Bg6 48. Rc8+ Kb7 49. Rg8 Bh5 50. e7 g3 51. e8=Q Bxe8 52. Rxe8 Rg4 53. e6 g2
54. Bd4 Rxd4 55. Rg8 Re4 56. Rxg2 Rxe6 57. Rg8 Kc6 58. Rc8+ Kb7 59. Rd8 Re5 60.
Rd6 Kc7 61. b4 Re3+ 0-1

[Event "Chess24 Banter Blitz Cup"]
[Site "chess24.com INT"]
[Date "2019.09.27"]
[Round "1.7"]
[White "Quesada Perez, Yasser"]
[Black "Sethuraman, S.P."]
[Result "1-0"]
[WhiteTitle "GM"]
[BlackTitle "GM"]
[WhiteElo "2582"]
[BlackElo "2624"]
[WhiteFideId "3509362"]
[BlackFideId "5021596"]
[EventDate "2019.09.25"]
[EventType "blitz"]

1. e4 g6 2. d4 Bg7 3. Nf3 d6 4. Bc4 a6 5. Bb3 e6 6. O-O Ne7 7. Re1 b6 8. Nbd2
Bb7 9. Nf1 Nd7 10. Ng3 O-O 11. c3 c5 12. Bf4 e5 13. dxe5 Nxe5 14. Nxe5 dxe5 15.
Bg5 Qc7 16. Qe2 b5 17. a4 c4 18. Bc2 h6 19. Be3 Rfd8 20. h4 h5 21. Bg5 Nc6 22.
Bxd8 Rxd8 23. axb5 axb5 24. Red1 Re8 25. b4 Bf6 26. Qd2 Bxh4 27. Qd7 Qb6 28.
Qxe8+ Kg7 29. Nh1 Bf6 1-0

[Event "Chess24 Banter Blitz Cup"]
[Site "chess24.com INT"]
[Date "2019.09.27"]
[Round "1.8"]
[White "Sethuraman, S.P."]
[Black "Quesada Perez, Yasser"]
[Result "1/2-1/2"]
[WhiteTitle "GM"]
[BlackTitle "GM"]
[WhiteElo "2624"]
[BlackElo "2582"]
[WhiteFideId "5021596"]
[BlackFideId "3509362"]
[EventDate "2019.09.25"]
[EventType "blitz"]

1. d4 d5 2. c4 dxc4 3. e4 Nf6 4. e5 Nd5 5. Bxc4 Bf5 6. Qb3 c6 7. Bxd5 cxd5 8.
Qxb7 Qc8 9. Qxc8+ Bxc8 10. Nc3 e6 11. f4 Nc6 12. Nf3 Ba6 13. Kf2 Be7 14. Be3 Kd7
15. Rhc1 Rab8 16. Na4 Rhc8 17. Ne1 f6 18. b3 Nb4 19. a3 Nc6 20. b4 Bc4 21. Nb2
Ba6 22. Ned3 fxe5 23. dxe5 Bxd3 24. Nxd3 a5 25. Bc5 Bxc5+ 26. Rxc5 axb4 27. axb4
Nxb4 28. Ra7+ Kd8 29. Rxc8+ Kxc8 30. Nc5 Rb6 31. Rxg7 Rc6 32. Nd7 d4 33. f5 exf5
34. Nf6 Re6 35. Rg8+ Kb7 36. Re8 Rxe8 37. Nxe8 Kc6 38. Nf6 Nd3+ 39. Ke2 Nxe5 40.
Nxh7 Kd5 41. Ng5 Kc4 42. h4 d3+ 43. Kd2 Ng4 44. h5 Kd4 45. Nf3+ Ke4 46. Ne1 Kf4
47. Nxd3+ Kg5 48. Ke2 Kxh5 49. Kf3 Kg5 50. Nf4 Ne5+ 51. Kg3 Ng4 52. Nh3+ Kg6 53.
Kf4 Nf6 54. Ke5 Nh5 55. Ng1 Kg5 56. Ne2 f4 57. Ke4 Kg4 58. Ng1 Kg3 59. Ne2+ Kxg2
60. Nxf4+ 1/2-1/2

[Event "Chess24 Banter Blitz Cup"]
[Site "chess24.com INT"]
[Date "2019.09.27"]
[Round "1.9"]
[White "Quesada Perez, Yasser"]
[Black "Sethuraman, S.P."]
[Result "0-1"]
[WhiteTitle "GM"]
[BlackTitle "GM"]
[WhiteElo "2582"]
[BlackElo "2624"]
[WhiteFideId "3509362"]
[BlackFideId "5021596"]
[EventDate "2019.09.25"]
[EventType "blitz"]

1. e4 c5 2. Nc3 d6 3. Nf3 a6 4. g3 b5 5. Bg2 Bb7 6. d4 cxd4 7. Nxd4 Nd7 8. O-O
g6 9. Re1 Bg7 10. a4 b4 11. Nd5 Ngf6 12. Nxb4 Qb6 13. c3 Nc5 14. Nd5 Nxd5 15.
exd5 O-O 16. a5 Qc7 17. b4 Nd7 18. Bb2 Ne5 19. Qe2 Rfe8 20. Rad1 Nc4 21. Bc1 Ne5
22. Bd2 Rac8 23. f4 Nc4 24. Bc1 e5 25. dxe6 Bxd4+ 26. Rxd4 Rxe6 27. Qf1 Bxg2 28.
Kxg2 Qc6+ 29. Kg1 Rxe1 30. Qxe1 Re8 31. Qf1 d5 32. Kg2 Nd6 33. Qd3 Nb5 34. Be3
Nxd4 35. Bxd4 Qe6 36. h4 h5 37. Qf3 f6 38. Qd3 Kf7 39. Qf3 Qe2+ 40. Qxe2 Rxe2+
41. Kf3 Rb2 42. Ke3 Ke6 43. Kd3 Rg2 44. c4 Rxg3+ 45. Kc2 dxc4 46. Bc5 Kd5 47.
Be7 Rg4 48. Bxf6 Rxf4 49. Bd8 Rf2+ 50. Kc3 Rf3+ 51. Kc2 Rb3 52. Be7 Kc6 0-1

[Event "Chess24 Banter Blitz Cup"]
[Site "chess24.com INT"]
[Date "2019.09.27"]
[Round "1.10"]
[White "Sethuraman, S.P."]
[Black "Quesada Perez, Yasser"]
[Result "1/2-1/2"]
[WhiteTitle "GM"]
[BlackTitle "GM"]
[WhiteElo "2624"]
[BlackElo "2582"]
[WhiteFideId "5021596"]
[BlackFideId "3509362"]
[EventDate "2019.09.25"]
[EventType "blitz"]

1. d4 d5 2. c4 dxc4 3. e4 Nf6 4. e5 Nd5 5. Bxc4 Bf5 6. Qb3 c6 7. Bxd5 cxd5 8.
Qxb7 Qc8 9. Qxc8+ Bxc8 10. Nc3 e6 11. f4 Nc6 12. Nf3 Ba6 13. Kf2 Be7 14. Be3 Kd7
15. Rhc1 Rab8 16. Na4 Rhc8 17. Ne1 Nb4 18. a3 Nd3+ 19. Nxd3 Bxd3 20. b4 Bc4 21.
Bd2 Bb5 22. Nc5+ Bxc5 23. dxc5 Ba4 24. Bc3 Kc6 25. Ke3 h5 26. Rf1 g6 27. Rf2 Rh8
28. Rd2 a6 29. Kf3 Rh7 30. Kg3 h4+ 31. Kf3 Rh5 32. Bd4 Rbh8 33. Ke3 R8h7 34. Rf1
Rh8 35. Rf3 R8h7 36. Rh3 Bb5 37. Rf2 Ba4 38. Kd2 Bb5 39. Rff3 Ba4 40. Bf2 Bb5
41. Bd4 Ba4 42. Rf2 Rh8 43. Rc3 R8h7 44. Rh3 1/2-1/2

[Event "Chess24 Banter Blitz Cup"]
[Site "chess24.com INT"]
[Date "2019.09.27"]
[Round "1.11"]
[White "Quesada Perez, Yasser"]
[Black "Sethuraman, S.P."]
[Result "1-0"]
[WhiteTitle "GM"]
[BlackTitle "GM"]
[WhiteElo "2582"]
[BlackElo "2624"]
[WhiteFideId "3509362"]
[BlackFideId "5021596"]
[EventDate "2019.09.25"]
[EventType "blitz"]

1. e4 c5 2. Nc3 a6 3. g3 b5 4. Bg2 Bb7 5. Nge2 g6 6. d4 cxd4 7. Nxd4 Bg7 8. O-O
Nc6 9. Be3 Rc8 10. Re1 d6 11. a4 b4 12. Nd5 Nf6 13. Nxc6 Bxc6 14. Bb6 Qd7 15.
Bd4 Bxd5 16. exd5 O-O 17. Qd3 Qc7 18. Qxa6 Qxc2 19. Qb7 Ng4 20. Be4 Qd2 21. Rad1
Qh6 22. h4 Bxd4 23. Rxd4 Qg7 24. Red1 Qf6 25. R4d2 Ne5 26. b3 Rb8 27. Qa7 Rfc8
28. Qd4 Rc3 29. Rb1 h5 30. a5 Nf3+ 31. Bxf3 Qxf3 32. Rdb2 Rbc8 33. Qd1 Qxd1+ 34.
Rxd1 Rc1 35. Rd2 R1c3 36. Ra1 Rxb3 37. Rda2 Ra8 38. a6 Ra7 39. Ra4 Kf8 40. Ra5
Rc3 41. Rb5 b3 42. Rb7 Ra8 43. a7 Rcc8 44. Rxb3 Ke8 45. Rb7 Kd8 46. Re1 Rc7 47.
Rxc7 Kxc7 48. Rxe7+ Kb6 49. Rxf7 Kc5 50. Re7 Kxd5 51. Kg2 Kc4 52. Kf3 d5 53. Ke3
d4+ 54. Kd2 Rf8 55. f4 Rd8 56. Rd7 Ra8 57. Rc7+ Kd5 58. Kd3 Re8 59. Rd7+ Ke6 60.
Rxd4 Kf5 61. Ra4 Ra8 62. Kd4 Kg4 63. Ra3 Kf5 64. Kc5 1-0

[Event "Chess24 Banter Blitz Cup"]
[Site "chess24.com INT"]
[Date "2019.09.27"]
[Round "1.12"]
[White "Sethuraman, S.P."]
[Black "Quesada Perez, Yasser"]
[Result "1-0"]
[WhiteTitle "GM"]
[BlackTitle "GM"]
[WhiteElo "2624"]
[BlackElo "2582"]
[WhiteFideId "5021596"]
[BlackFideId "3509362"]
[EventDate "2019.09.25"]
[EventType "blitz"]

1. e4 e5 2. Nf3 Nc6 3. Bc4 Bc5 4. d3 Nf6 5. O-O d6 6. c3 a6 7. a4 O-O 8. Bg5 h6
9. Bh4 g5 10. Bg3 Ba7 11. Nbd2 Ne7 12. d4 exd4 13. Nxd4 Bg4 14. Qc2 Nh5 15. Rae1
Qd7 16. a5 Kg7 17. f3 Be6 18. Bf2 Bxc4 19. Nxc4 Nf4 20. Kh1 h5 21. g3 Nfg6 22.
Be3 f6 23. f4 g4 24. f5 Ne5 25. Ne6+ Kh7 26. Nxe5 dxe5 27. Nxf8+ 1-0

[Event "Chess24 Banter Blitz Cup"]
[Site "chess24.com INT"]
[Date "2019.09.27"]
[Round "1.13"]
[White "Quesada Perez, Yasser"]
[Black "Sethuraman, S.P."]
[Result "1-0"]
[WhiteTitle "GM"]
[BlackTitle "GM"]
[WhiteElo "2582"]
[BlackElo "2624"]
[WhiteFideId "3509362"]
[BlackFideId "5021596"]
[EventDate "2019.09.25"]
[EventType "blitz"]

1. e4 e5 2. Nf3 Nc6 3. Nc3 Nf6 4. Bb5 Bd6 5. d3 h6 6. a3 a6 7. Bc4 b5 8. Ba2 Bb7
9. Nd5 O-O 10. g4 Nxd5 11. Bxd5 Na5 12. Ba2 c5 13. g5 h5 14. Nh4 c4 15. Qxh5 Qe8
16. Bd2 Qe6 17. Bxa5 g6 18. Qf3 Bc5 19. Bb4 Bxb4+ 20. axb4 d5 21. Qf6 Qg4 22.
Nxg6 fxg6 23. Qxg6+ Kh8 24. Qh6+ Kg8 25. g6 Qd7 26. Rg1 Qg7 27. Qh3 Rae8 28.
O-O-O Rxf2 29. dxc4 dxc4 30. Rd7 Bxe4 31. Rxg7+ Kxg7 32. Qh7+ 1-0

[Event "Chess24 Banter Blitz Cup"]
[Site "chess24.com INT"]
[Date "2019.09.27"]
[Round "1.14"]
[White "Sethuraman, S.P."]
[Black "Quesada Perez, Yasser"]
[Result "0-1"]
[WhiteTitle "GM"]
[BlackTitle "GM"]
[WhiteElo "2624"]
[BlackElo "2582"]
[WhiteFideId "5021596"]
[BlackFideId "3509362"]
[EventDate "2019.09.25"]
[EventType "blitz"]

1. e4 e5 2. Nf3 Nc6 3. Bc4 Bc5 4. d3 Nf6 5. O-O d6 6. c3 a6 7. a4 h6 8. Nbd2 O-O
9. h3 Ba7 10. Re1 Ne7 11. Nf1 Ng6 12. d4 exd4 13. cxd4 d5 14. exd5 Nxd5 15. Ng3
c6 16. Qb3 Rb8 17. a5 Be6 18. Bd2 Re8 19. Qc2 Ndf4 20. Rad1 Bxc4 21. Qxc4 Qd5
22. Qxd5 Nxd5 23. Ne4 Red8 24. b4 Kf8 25. Nc5 Ngf4 26. Ne5 Bxc5 27. bxc5 Ne6 28.
Be3 Ndc7 29. f4 Nb5 30. f5 Nexd4 31. Bf4 Nc3 32. Rxd4 Rxd4 33. Nd7+ Rxd7 34.
Bxb8 f6 35. Bd6+ Kf7 36. Kf2 Nb5 37. Re6 h5 38. g4 hxg4 39. hxg4 g6 40. g5 fxg5
41. Rxg6 Nd4 42. Be5 Rd5 43. Bxd4 Rxd4 44. Rd6 Rc4 45. Rd7+ Kf6 46. Rxb7 Rxc5
47. Rb6 Rxa5 48. Rxc6+ Kxf5 49. Rc4 Ra3 50. Rc5+ Kg4 0-1

[Event "Chess24 Banter Blitz Cup"]
[Site "chess24.com INT"]
[Date "2019.09.29"]
[Round "1.1"]
[White "Perez Ponsa, Federico"]
[Black "Jumabayev, Rinat"]
[Result "0-1"]
[WhiteTitle "GM"]
[BlackTitle "GM"]
[WhiteElo "2564"]
[BlackElo "2630"]
[WhiteFideId "117927"]
[BlackFideId "13702661"]
[EventDate "2019.09.25"]
[EventType "blitz"]

1. e4 c5 2. Nf3 d6 3. d4 cxd4 4. Qxd4 Nf6 5. Be2 Nc6 6. Qe3 g6 7. h3 Bg7 8. O-O
O-O 9. Rd1 Qa5 10. c4 Be6 11. Nc3 Rfc8 12. Bd2 Nd7 13. b3 Qb6 14. Rac1 Qxe3 15.
Bxe3 h6 16. Nd5 Kf8 17. Nf4 a6 18. Nxe6+ fxe6 19. Ne1 Kf7 20. Nd3 Nd4 21. Bf1 e5
22. Nb4 Nc5 23. f3 Rab8 24. Nd5 b5 25. b4 Nce6 26. a3 g5 27. cxb5 axb5 28. Rxc8
Rxc8 29. Rc1 Ra8 30. Rc3 Rb8 31. Kf2 Ke8 32. g3 Kd7 33. h4 Kd8 34. Bh3 gxh4 35.
gxh4 Rb7 36. Rc1 Ke8 37. Rc8+ Kf7 38. Bg4 Bf8 39. Bh5+ Kg7 40. Bg4 Ra7 41. Nb6
Rxa3 42. Nd7 Ra2+ 43. Kg3 Ne2+ 44. Kf2 N2f4+ 45. Kf1 Ra1+ 46. Kf2 Ra2+ 47. Kf1
h5 48. Bxf4 Nxf4 49. Nxf8 hxg4 0-1

[Event "Chess24 Banter Blitz Cup"]
[Site "chess24.com INT"]
[Date "2019.09.29"]
[Round "1.2"]
[White "Jumabayev, Rinat"]
[Black "Perez Ponsa, Federico"]
[Result "0-1"]
[WhiteTitle "GM"]
[BlackTitle "GM"]
[WhiteElo "2630"]
[BlackElo "2564"]
[WhiteFideId "13702661"]
[BlackFideId "117927"]
[EventDate "2019.09.25"]
[EventType "blitz"]

1. d4 Nf6 2. Bf4 c5 3. e3 Qb6 4. Nc3 d6 5. a3 g6 6. h3 Bg7 7. Nf3 O-O 8. Be2 Nc6
9. O-O cxd4 10. exd4 d5 11. Rb1 Bf5 12. Re1 Rac8 13. Be3 Qd8 14. Ne5 Ne4 15.
Nxe4 Nxe5 16. dxe5 Bxe4 17. Bd3 Bxe5 18. Bxa7 Bxd3 19. Qxd3 Bf6 20. Be3 e6 21.
c3 Qc7 22. Qb5 Qc6 23. Qxc6 Rxc6 24. a4 Rfc8 25. a5 Bd8 26. Ra1 Ra8 27. Bd4 Rxa5
28. Rxa5 Bxa5 29. b4 Bb6 30. Bf6 Kf8 31. Ra1 Rc8 32. Kf1 Ke8 33. Ke2 Kd7 34. f4
Bd8 35. Bd4 Bc7 36. g3 Kc6 37. Kd3 Bb6 38. Be5 Kb5 39. h4 h5 40. Ra2 Bc7 41. Bd4
b6 42. Ra7 Kc6 43. Bf6 Rb8 44. Be5 Rc8 45. Bf6 b5 46. Bd4 Rb8 47. Be5 Rb7 48.
Ra6+ Kd7 49. Bd4 Bd6 50. Bf6 Rc7 51. Bd4 Rb7 52. Bf6 Be7 53. Bd4 f6 54. Bc5 Bd8
55. Rd6+ Kc8 56. Rxe6 g5 57. Rc6+ Kd7 58. Rd6+ Ke8 0-1

[Event "Chess24 Banter Blitz Cup"]
[Site "chess24.com INT"]
[Date "2019.09.29"]
[Round "1.3"]
[White "Perez Ponsa, Federico"]
[Black "Jumabayev, Rinat"]
[Result "0-1"]
[WhiteTitle "GM"]
[BlackTitle "GM"]
[WhiteElo "2564"]
[BlackElo "2630"]
[WhiteFideId "117927"]
[BlackFideId "13702661"]
[EventDate "2019.09.25"]
[EventType "blitz"]

1. d4 Nf6 2. Nf3 e6 3. Bf4 b6 4. e3 Bb7 5. Nbd2 Be7 6. h3 Nh5 7. Bh2 O-O 8. Bd3
f5 9. Qe2 Nf6 10. O-O-O c5 11. c3 Ne4 12. Rhg1 d5 13. g4 Nd7 14. gxf5 exf5 15.
Ne5 Nxe5 16. Bxe5 Bf6 17. f3 Nxd2 18. Qxd2 Bxe5 19. dxe5 Qh4 20. f4 Rad8 21. Rg5
Bc8 22. Rdg1 Rf7 23. Qg2 g6 24. Qf3 Be6 25. Rh5 Qe7 26. Rhg5 d4 27. exd4 cxd4
28. c4 b5 29. cxb5 Bxa2 30. h4 Rc8+ 31. Kd1 Qb4 32. R1g2 Rfc7 33. Rd2 Kf8 34. h5
Bf7 35. hxg6 hxg6 36. e6 Rc1+ 37. Ke2 Re8 38. Qh3 Rxe6+ 39. Kf3 Qxd2 40. Qh8+
Ke7 41. Qxd4 Rf1+ 42. Kg3 Re3+ 0-1

[Event "Chess24 Banter Blitz Cup"]
[Site "chess24.com INT"]
[Date "2019.09.29"]
[Round "1.4"]
[White "Jumabayev, Rinat"]
[Black "Perez Ponsa, Federico"]
[Result "0-1"]
[WhiteTitle "GM"]
[BlackTitle "GM"]
[WhiteElo "2630"]
[BlackElo "2564"]
[WhiteFideId "13702661"]
[BlackFideId "117927"]
[EventDate "2019.09.25"]
[EventType "blitz"]

1. d4 Nf6 2. c4 g6 3. Nf3 Bg7 4. g3 O-O 5. Bg2 d6 6. O-O c6 7. Nc3 Bf5 8. Ng5 e5
9. d5 a5 10. e4 Bd7 11. dxc6 Bxc6 12. Qe2 Na6 13. Rd1 Nc5 14. f3 h6 15. Nh3 Ne6
16. Be3 Nd4 17. Qd2 Nd7 18. Bxh6 Bxh6 19. Qxh6 Qf6 20. Qe3 Nc2 21. Qd2 Nxa1 22.
Rxa1 Nc5 23. Rd1 Rad8 24. Nf2 Ne6 25. Ng4 Qg5 26. Qxg5 Nxg5 27. Nf6+ Kg7 28.
Nfd5 Ne6 29. Nb6 Nd4 30. Rd3 f5 31. Nbd5 fxe4 32. fxe4 Rf7 33. Ne3 Rdf8 34. Rd2
Rf3 0-1

[Event "Chess24 Banter Blitz Cup"]
[Site "chess24.com INT"]
[Date "2019.09.29"]
[Round "1.6"]
[White "Jumabayev, Rinat"]
[Black "Perez Ponsa, Federico"]
[Result "0-1"]
[WhiteTitle "GM"]
[BlackTitle "GM"]
[WhiteElo "2630"]
[BlackElo "2564"]
[WhiteFideId "13702661"]
[BlackFideId "117927"]
[EventDate "2019.09.25"]
[EventType "blitz"]

1. e4 c6 2. d4 d5 3. exd5 cxd5 4. Bd3 Nc6 5. c3 Qc7 6. Ne2 Bg4 7. O-O e6 8. Qe1
Nf6 9. f3 Bh5 10. Qh4 h6 11. Ng3 Bg6 12. Bxg6 fxg6 13. Re1 Kf7 14. Ne2 Bd6 15.
Bf4 g5 16. Bxd6 Qxd6 17. Qg3 Qxg3 18. Nxg3 Rhe8 19. Na3 a6 20. Nc2 e5 21. dxe5
Nxe5 22. Nf5 Rad8 23. Rad1 Kg6 24. Nfe3 Nc6 25. Kf2 h5 26. Rd2 g4 27. Red1 Re5
28. h3 gxh3 29. gxh3 h4 30. Ng2 Kf7 31. Nce3 Ne7 32. Nf4 g5 33. Nd3 Re6 34. Nc5
Rb6 35. Nb3 Nh5 36. Ng2 Rf6 37. c4 Rfd6 38. c5 Re6 39. Nd4 Rf6 40. Re2 Ng6 41.
Rde1 Ngf4 42. Nxf4 Nxf4 43. Re7+ Kg6 44. Rxb7 Nd3+ 45. Kf1 Nxe1 46. Kxe1 Re8+
47. Kd2 Rf4 48. Kd3 Rf6 49. Rb6 Re1 50. c6 Rd1+ 51. Ke3 Rc1 52. b4 Rc3+ 53. Kd2
Rc4 54. Kd3 Kh5 55. b5 axb5 56. Rxb5 Rf4 57. Rxd5 Ra4 0-1

[Event "Chess24 Banter Blitz Cup"]
[Site "chess24.com INT"]
[Date "2019.09.29"]
[Round "1.7"]
[White "Perez Ponsa, Federico"]
[Black "Jumabayev, Rinat"]
[Result "1/2-1/2"]
[WhiteTitle "GM"]
[BlackTitle "GM"]
[WhiteElo "2564"]
[BlackElo "2630"]
[WhiteFideId "117927"]
[BlackFideId "13702661"]
[EventDate "2019.09.25"]
[EventType "blitz"]

1. d4 g6 2. e4 Bg7 3. c4 d6 4. Nc3 e5 5. Nf3 exd4 6. Nxd4 Ne7 7. Be2 Nbc6 8. Be3
f5 9. Nxc6 bxc6 10. Qd2 O-O 11. h4 fxe4 12. h5 Nf5 13. hxg6 hxg6 14. Nxe4 Qe7
15. f3 Nxe3 16. Qxe3 Bxb2 17. Rb1 Bg7 18. Qg5 Bc3+ 19. Kd1 Qxg5 20. Nxg5 Bf5 21.
Rb3 Bg7 22. Bd3 Bxd3 23. Rxd3 Rab8 24. Rb3 Rfe8 25. Kd2 a5 26. Rhb1 Rxb3 27.
Rxb3 Bh6 28. f4 Bxg5 29. fxg5 Re5 30. Rb7 Rxg5 31. Rxc7 Rxg2+ 32. Kd3 Rxa2 33.
Rxc6 Ra1 34. c5 Kf7 35. cxd6 Rd1+ 36. Ke4 Ke6 37. d7+ Kxd7 38. Rxg6 Kc7 39. Ra6
Ra1 40. Kd5 Kb7 41. Rh6 Rc1 42. Kd4 a4 43. Kd3 a3 44. Rh2 Kb6 45. Ra2 Rh1 46.
Kc4 Rh4+ 47. Kb3 Kb5 48. Rxa3 Rh3+ 49. Kb2 Rxa3 50. Kxa3 1/2-1/2

[Event "Chess24 Banter Blitz Cup"]
[Site "chess24.com INT"]
[Date "2019.09.29"]
[Round "1.8"]
[White "Jumabayev, Rinat"]
[Black "Perez Ponsa, Federico"]
[Result "1-0"]
[WhiteTitle "GM"]
[BlackTitle "GM"]
[WhiteElo "2630"]
[BlackElo "2564"]
[WhiteFideId "13702661"]
[BlackFideId "117927"]
[EventDate "2019.09.25"]
[EventType "blitz"]

1. e4 c6 2. d4 d5 3. exd5 cxd5 4. Bd3 Nc6 5. c3 Qc7 6. h3 Nf6 7. Nf3 g6 8. O-O
Bf5 9. Bxf5 gxf5 10. Re1 e6 11. a4 Bd6 12. Na3 a6 13. c4 Rg8 14. c5 Bf4 15. Nc2
Ne4 16. Qe2 O-O-O 17. b4 Rg6 18. b5 Rdg8 19. Nh4 Rh6 20. bxc6 Rxh4 21. cxb7+
Qxb7 22. Bxf4 Rxf4 23. Rab1 Nc3 24. Qe3 Nxb1 25. Qxf4 Nc3 26. Qd6 Ne4 27. Qf4
Qb3 28. Ne3 Qc3 29. Rb1 Kd7 30. Rb7+ 1-0